Failures and Management of Disease of Implant (Record no. 23829)
[ view plain ]
| 000 -LEADER | |
|---|---|
| fixed length control field | 00467nam a22001697a 4500 |
| 003 - CONTROL NUMBER IDENTIFIER | |
| control field | SGT |
| 020 ## - INTERNATIONAL STANDARD BOOK NUMBER | |
| International Standard Book Number | 9786203042153 |
| 082 ## - DEWEY DECIMAL CLASSIFICATION NUMBER | |
| Classification number | 617.632 |
| Item number | F20D |
| 100 ## - MAIN ENTRY--PERSONAL NAME | |
| Personal name | Dev, Manish...[et. al.] |
| 245 ## - TITLE STATEMENT | |
| Title | Failures and Management of Disease of Implant |
| Remainder of title | Implant management: An Overview |
| 250 ## - EDITION STATEMENT | |
| Edition statement | 1st |
| 260 ## - PUBLICATION, DISTRIBUTION, ETC. (IMPRINT) | |
| Name of publisher, distributor, etc | Lambert Academic Publishing |
| Year of Publication | 2020 |
| 300 ## - PAGE DESCRIPTION | |
| No. of Pages | 141 |
| 650 ## - SUBJECT ADDED ENTRY--TOPICAL TERM | |
| Topical term or geographic name as entry element | Periodontics |
| 653 ## - KEYWORDS--INDEX TERM | |
| Keyword term | Periodontics, Implant; Implant Management |
| 942 ## - ADDED ENTRY ELEMENTS (KOHA) | |
| Source of classification or shelving scheme | Dewey Decimal Classification |
| Koha item type | Books |
| Withdrawn status | Lost status | Source of classification or shelving scheme | Damaged status | Not for loan | Home library | Current library | Shelving location | Date acquired | SGTU | Total Checkouts | Full call number | Accession No. (Barcode) | Date last seen | Bill Date | Koha item type |
|---|---|---|---|---|---|---|---|---|---|---|---|---|---|---|---|
| Dewey Decimal Classification | Not For Loan | SGT Dental Library | SGT Dental Library | On Display | 02/03/2023 | SGTU | 617.632 F20D | FD8963 | 02/03/2023 | 02/03/2023 | Books |